Words with the Letter Y as the Only Vowel(s) - Statistics

General Stats
  • This quiz has been taken 46 times
  • The average score is 9 of 15
Answer Stats
Answer % Correct
Song of praise or adoration Hymn
83%
"Gold, frankincense, and _____" Myrrh
78%
One who secretly collects information Spy
75%
A river in Hades Styx
73%
Member of the cat family Lynx
70%
A traditional or legendary story Myth
68%
HBO's "Tales From the _____" Crypt
65%
Secret meeting for lovers Tryst
65%
Stallone's nickname Sly
60%
Tennyson quote - "Ours is not to reason ___" Why
60%
Regular, repeated pattern of beats Rhythm
58%
To hang someone without due process Lynch
55%
In mythology a beautiful female spirit found in nature Nymph
50%
Member of an African group of small people Pygmy
45%
Burlesque dancer, _____ Rose Lee, or a type of moth Gypsy
43%
No matching quizzes found
Score Distribution
Percent of People with Each Score
Percentile by Number Answered
Your Score History
You have not taken this quiz